Abbiamo un problema : la costruzione del nemico omosessuale /

সংরক্ষণ করুন:
গ্রন্থ-পঞ্জীর বিবরন
সংস্থা লেখক: Canecapovolto (Catania)
অন্যান্য লেখক: Faletra, Marcello, Ferlito, Alessandra
বিন্যাস: গ্রন্থ
ভাষা:ইতালিয়
প্রকাশিত: Marsala [etc.] : Navarra, 2012
ট্যাগগুলো: ট্যাগ যুক্ত করুন
কোনো ট্যাগ নেই, প্রথমজন হিসাবে ট্যাগ করুন!

MARC

LEADER 00000nam a22000007i 4500
001 IT\ICCU\PAL\0248269
003 ItRI
005 20260214121816.0
008 120919s2012 it |||||| ||||| |||||c
020 |a 9788895756769 
040 |b ita  |c C 
041 7 |a ita  |2 ISO-639-2 
110 2 |a Canecapovolto (Catania)  |0 IT\ICCU\PALV\063223 
245 0 0 |a Abbiamo un problema :  |b la costruzione del nemico omosessuale /  |c Canecapovolto ; testi critici di: Marcello Faletra ... [et al.] ; e un'intervista a cura di Alessandra Ferlito. 
260 |a Marsala [etc.] :  |b Navarra,  |c 2012 
300 |a 47 p., [1] c. di tav. :  |b ill. ;  |c 20 cm. +  |e 1 DVD 
700 1 |a Faletra, Marcello  |0 IT\ICCU\PALV\034621 
700 1 |a Ferlito, Alessandra  |0 IT\ICCU\PALV\063224 
942 |2 ddc  |c MX 
952 |0 0  |1 0  |2 ddc  |4 0  |6 306_766094500000000_FAL_ABB  |7 0  |9 472  |a AN  |b AN  |d 2023-12-17  |l 0  |o 306.7660945 FAL ABB  |p 5076  |r 2023-12-17 17:43:11  |w 2023-12-17  |y BK 
952 |0 0  |1 0  |4 0  |6 DOC_306_766000000000000_CAN  |7 0  |9 21577  |a BO  |b BO  |d 2026-01-15  |i 16648  |l 0  |o DOC 306.766 CAN  |p BO16648  |r 2026-01-15 23:22:02  |w 2026-01-15  |x [Sebina 5] [1 v. + 1 dvd]  |y BK  |z 1 v. + 1 dvd 
999 |c 385  |d 385